Carregant...

How to Memorize Anything: The Ultimate Handbook to Enlighten and Improve Your Memory

Can we really memorize anything? The answer is, Yes we can! From Guinness World Record holders Aditi Singhal and Sudhir Singhal comes a book that will serve as a manual to explore the immense power of your memory. It will: E xplain concepts with simple illustrations While teaching you memory techn...

Descripció completa

Dades bibliogràfiques
Autor principal: Aditi Singhal
Altres autors: Sudhir Singhal
Format: Printed Book
Publicat: Gurgaon, Haryana, India Random House Publishers India Private Limited 2015
Matèries:
LEADER 01622nam a22001697a 4500
999 |c 30209  |d 30209 
020 |a 9788184005219 
082 |a 153.14 SIN-H 
100 |a  Aditi Singhal 
245 |a How to Memorize Anything: The Ultimate Handbook to Enlighten and Improve Your Memory 
260 |a  Gurgaon, Haryana, India  |b Random House Publishers India Private Limited  |c 2015 
300 |a  xxvii, 322 pages, 8 unnumbered pages : illustrations (black and white, and colour) ; 20 cm 
520 |a Can we really memorize anything? The answer is, Yes we can! From Guinness World Record holders Aditi Singhal and Sudhir Singhal comes a book that will serve as a manual to explore the immense power of your memory. It will: E xplain concepts with simple illustrations While teaching you memory techniques, it will also discuss their application in real life, like memorizing appointments, presentations, names and faces, long answers, spellings, formulae,vocabulary, foreign languages and general information Give the scientific interpretation of ancient memory-enhancing practices that will be particularly useful for professionals as well as the common man. Following the unparalleled success of How to Become a Human Calculator, Aditi Singhal and Sudhir Singhal turn their hands to helping you master the right method to input any information using which you can easily memorize anything. 
650 |a  Mnemonics. Memory. 
700 |a Sudhir Singhal 
942 |c BK 
952 |0 0  |1 0  |4 0  |6 153_140000000000000_SINH  |7 0  |9 32971  |a DCB  |b DCB  |d 2019-03-27  |l 2  |m 1  |o 153.14 SIN-H  |p DCB3592  |q 2021-02-12  |r 2020-10-21  |s 2020-10-21  |w 2019-03-27  |y BK